01126cam a2200277 45000010005000000030008000050050017000130080039000300350018000690400032000870410011001190820024001301000027001542450172001812600029003533000031003823500024004134900025004375000137004625040030005996500030006297000027006599420012006869990015006989520135007138087BD-RjUL20211208234524.0160114s1971 fr a b 000 0 eng a(BD-RjUL)8132 aDLCcDLCdDLCdBD-RjULbeng1 aengfre00a080 sa301.243bSCI1 aSpaey, Jacques.92522610aScience for development;ban essay on the origin and organization of national science policiesc[by] Jacques Spaey with the collaboration of Jacques Defay [and others] aParis :bUnesco,cc1971. a224 p. :billus. ;c24 cm. a18.00F ($4.50 U.S.)1 aUnescovSC.70/D.65/A aTranslation of Le Développement par la science, essai sur l'apparition et l'organisation de la politique scientifique des États. aBibliography: p. 219-224. 0aScience and state.9252271 aDefay, Jacques.925228 2ddccBK c8087d8087 00102ddc40718NFICaRUCLbRUCLcstackd1981-12-01eU.S. Govt.g0.00l0o080 SCI 1971r2014-01-16 00:00:00tC-2w2021-12-08yBK